[Event "6. Lovsprings EMT Basis 2 1994"]
[Site "Ringsted"]
[Date "1994.03.27"]]
[Round "1"]
[White "Eckert, Svend"]
[Black "Hede, Kim Nygaard"]
[Result "1-0"]
[WhiteElo "1665"]
[BlackElo "1680"]
[PlyCount "65"]
[EventDate "1994.??.??"]

1. e4 c5 2. b3 Nc6 3. Bb2 d6 4. Nf3 Nf6 5. Nc3 Bg4 6. Bc4 Nd4 7. Nb5 Nxf3+ 8.
gxf3 Bh5 9. e5 Ne4 10. Bd5 Qb6 11. Qe2 Ng5 12. a4 a6 13. Nxd6+ exd6 14. exd6+
Kd7 15. O-O-O Re8 16. Qc4 Bxf3 17. Bxf3 Nxf3 18. Qxf7+ Kd8 19. Qxf3 Rg8 20.
Rhg1 Bxd6 21. Rxg7 Rxg7 22. Bxg7 Bxh2 23. Bf6+ Kc8 24. Rh1 Be5 25. Bxe5 Rxe5
26. Rxh7 Re1+ 27. Kb2 Kb8 28. Qf7 Re2 29. a5 Qb4 30. Qc7+ Ka7 31. Rd7 Rxf2 32.
Rd8 Qf4 33. Qb6# 1-0

[Event "6. Lovsprings EMT Basis 2 1994"]
[Site "Ringsted"]
[Date "1994.03.27"]]
[Round "1"]
[White "Kjaer, Thomas"]
[Black "Petersen, Jesper"]
[Result "1-0"]
[WhiteElo "1558"]
[BlackElo "1598"]
[PlyCount "66"]
[EventDate "1994.??.??"]

1. d4 Nf6 2. c4 e5 3. dxe5 Ng4 4. Nf3 Bc5 5. e3 Nc6 6. Nc3 Ngxe5 7. a3 a5 8.
Be2 d6 9. O-O Be6 10. Nd5 Ne7 11. e4 c6 12. Nxe5 dxe5 13. Nc3 Bd4 14. Qd3 Ng6
15. Be3 O-O 16. Bxd4 exd4 17. Na4 Nf4 18. Qd2 Qg5 19. Qxf4 Qxf4 20. Nc5 b6 21.
g3 Qe5 22. Nxe6 Qxe6 23. Bd3 c5 24. f4 f5 25. e5 g5 26. Rf2 gxf4 27. gxf4 Kf7
28. Re1 Rg8+ 29. Kf1 Rg4 30. Be2 Rg7 31. Bf3 Qxc4+ 32. Rfe2 Rag8 33. Kf2 Ke6
1-0

[Event "6. Lovsprings EMT Basis 2 1994"]
[Site "Ringsted"]
[Date "1994.03.27"]]
[Round "1"]
[White "Kronow, Jacob"]
[Black "Stuhr, Finn"]
[Result "1-0"]
[WhiteElo "1567"]
[BlackElo "1554"]
[PlyCount "79"]
[EventDate "1994.??.??"]

1. d4 Nf6 2. c4 e6 3. Nc3 Bb4 4. Qc2 d5 5. a3 Bxc3+ 6. Qxc3 Ne4 7. Qc2 Qf6 8.
Nf3 c6 9. e3 Nd7 10. Bd3 Ng5 11. Nxg5 Qxg5 12. O-O h5 13. e4 Qh4 14. exd5 cxd5
15. cxd5 Qxd4 16. dxe6 Ne5 17. Bb5+ Ke7 18. Qc7+ Kxe6 19. Re1 Kf5 20. Qc2+ Kf6
21. Be3 Qd5 22. Qa4 a6 23. Qh4+ Kg6 24. Ba4 f6 25. Bc2+ Kf7 26. Red1 Qb5 27. b4
Bg4 28. Bb3+ Ke8 29. Rd5 Qe2 30. Rd2 Qb5 31. f3 Bxf3 32. Qg3 Bg4 33. h3 h4 34.
Qf2 Bd7 35. Rd5 Qc6 36. Rc1 Qe6 37. Bf4 Qe7 38. Rc7 Rc8 39. Bxe5 Rh5 40. Rcxd7
1-0

[Event "6. Lovsprings EMT Basis 2 1994"]
[Site "Ringsted"]
[Date "1994.03.27"]]
[Round "1"]
[White "Mondrup, Niels Erik"]
[Black "Wesche, Thomas"]
[Result "1/2-1/2"]
[WhiteElo "1729"]
[BlackElo "1600"]
[PlyCount "96"]
[EventDate "1994.??.??"]

1. e4 e5 2. d4 exd4 3. c3 d5 4. exd5 Qxd5 5. cxd4 Nc6 6. Nf3 Bg4 7. Be2 Nf6 8.
Nc3 Qd8 9. Be3 Be7 10. O-O O-O 11. a3 Nd5 12. Nxd5 Qxd5 13. Qa4 Bf6 14. Rfd1
Rfd8 15. h3 Be6 16. Rac1 Qb3 17. Bb5 Qxa4 18. Bxa4 Bd5 19. Bxc6 Bxc6 20. Ne5
Ba4 21. Rd2 Bxe5 22. dxe5 Rxd2 23. Bxd2 Bc6 24. Ba5 Rc8 25. Rd1 Kf8 26. f4 Ke8
27. Kf2 Rd8 28. Rxd8+ Kxd8 29. g4 g6 30. Kg3 Be4 31. Bb4 Kd7 32. Kh4 Bg2 33.
Kg3 Be4 34. h4 Ke6 35. Kf2 h5 36. Ke3 Kd5 37. gxh5 gxh5 38. Bc3 Bf5 39. a4 c5
40. a5 b5 41. axb6 axb6 42. e6 fxe6 43. Be5 Kc4 44. Kd2 Kb3 45. Bc7 b5 46. Be5
b4 47. Bf6 c4 48. Be5 c3+ 1/2-1/2

[Event "6. Lovsprings EMT Basis 2 1994"]
[Site "Ringsted"]
[Date "1994.03.27"]]
[Round "1"]
[White "Mortensen, Martin Lind"]
[Black "Pondal, Jesper"]
[Result "1-0"]
[WhiteElo "1606"]
[BlackElo "1563"]
[PlyCount "85"]
[EventDate "1994.??.??"]

1. d4 d5 2. c4 e6 3. Nc3 Nf6 4. Bg5 Nbd7 5. Nf3 c6 6. e3 Qa5 7. Qd2 Bb4 8. Bxf6
Nxf6 9. Rc1 Ne4 10. Qc2 Qxa2 11. Bd3 Bxc3+ 12. bxc3 Qxc2 13. Rxc2 Nf6 14. O-O
O-O 15. Rb1 dxc4 16. Bxc4 b5 17. Bd3 a6 18. c4 Bb7 19. Ne5 Rfd8 20. cxb5 cxb5
21. Rc7 Be4 22. Bxe4 Nxe4 23. Rxf7 Rf8 24. Rxf8+ Kxf8 25. f3 Nd6 26. Nd7+ Ke7
27. Nc5 Nc4 28. Kf2 Nb6 29. e4 Nd7 30. Nd3 Rb8 31. Nb4 Rb6 32. Ra1 Nb8 33. Ke3
Kd7 34. e5 Ke8 35. Ke4 Kd7 36. f4 Kc8 37. g4 Nc6 38. Rxa6 Kb7 39. Rxb6+ Kxb6
40. Nxc6 Kxc6 41. f5 b4 42. fxe6 b3 43. Kd3 1-0

[Event "6. Lovsprings EMT Basis 2 1994"]
[Site "Ringsted"]
[Date "1994.03.27"]]
[Round "1"]
[White "Mortensen, Orla Lind"]
[Black "Sorensen, Lindved"]
[Result "0-1"]
[WhiteElo "1600"]
[BlackElo "1683"]
[PlyCount "56"]
[EventDate "1994.??.??"]

1. e4 d5 2. exd5 Qxd5 3. Nc3 Qa5 4. d4 Nf6 5. Bd2 Nc6 6. Ne4 Qf5 7. Ng3 Qe6+ 8.
Be3 Ng4 9. Qd3 Nxe3 10. fxe3 Qd5 11. Nf3 Bg4 12. Be2 Nb4 13. Qd2 e6 14. a3 Nc6
15. b4 Bd6 16. Kf2 O-O 17. Qd3 f5 18. Nf1 a6 19. c4 Qe4 20. Qc3 f4 21. Bd3
fxe3+ 22. Kg1 Qf4 23. Bc2 Bxf3 24. Qd3 g6 25. h4 Nxd4 26. g3 Qf6 27. Re1 Bxh1
28. Kxh1 Qf3+ 0-1

[Event "6. Lovsprings EMT Basis 2 1994"]
[Site "Ringsted"]
[Date "1994.03.27"]]
[Round "1"]
[White "Nielsen, Poul Erik2"]
[Black "Jensen, Dan Bronnum"]
[Result "0-1"]
[WhiteElo "1601"]
[BlackElo "1561"]
[PlyCount "120"]
[EventDate "1994.??.??"]

1. Nf3 Nf6 2. d4 d5 3. c4 e6 4. cxd5 exd5 5. Nc3 c6 6. e3 Bd6 7. Be2 Bg4 8. O-O
Nbd7 9. h3 Bh5 10. Kh1 h6 11. Ng1 Bg6 12. f4 Ne4 13. Nxe4 Bxe4 14. Bf3 Nf6 15.
Bd2 Qe7 16. Be1 Bxf3 17. Rxf3 Ne4 18. Ne2 Bb4 19. Nc3 Bxc3 20. bxc3 O-O 21. a4
Rfe8 22. Qb3 Nd6 23. Bd2 Nc4 24. Bc1 Rad8 25. Ra2 Qe4 26. Qd1 Re6 27. f5 Rf6
28. Rf4 Qb1 29. Qc2 Qxc2 30. Rxc2 Re8 31. Re2 Nd6 32. g4 Ne4 33. Rc2 Rd6 34.
Kg2 Rd7 35. h4 f6 36. Kf3 Nd6 37. Re2 b5 38. axb5 cxb5 39. Ba3 Ne4 40. Bb4 Rc7
41. Kg2 Rc4 42. Rf1 Rec8 43. Kf3 Nxc3 44. Bxc3 Rxc3 45. Rb2 Rb8 46. Ra1 Rb7 47.
Ra5 Re7 48. Re2 Rb3 49. Kf4 Rb4 50. Rea2 Re4+ 51. Kf3 Rb3 52. R5a3 Rxa3 53.
Rxa3 Re7 54. Ra5 Rb7 55. Ke2 Kf7 56. Kd3 b4 57. Kc2 Rc7+ 58. Rc5 Rxc5+ 59. dxc5
Ke7 60. Kb3 a5 0-1

[Event "6. Lovsprings EMT Basis 2 1994"]
[Site "Ringsted"]
[Date "1994.03.27"]]
[Round "1"]
[White "Paustian, Dennis"]
[Black "Sorensen, Rasmus Moller"]
[Result "1/2-1/2"]
[WhiteElo "1591"]
[BlackElo "1579"]
[PlyCount "65"]
[EventDate "1994.??.??"]

1. e4 e5 2. Nf3 Nc6 3. d4 exd4 4. Nxd4 d6 5. Bb5 Nge7 6. Nxc6 Nxc6 7. O-O g6 8.
Be3 Bg7 9. Bd4 Bxd4 10. Qxd4 O-O 11. Bxc6 bxc6 12. c4 f5 13. Nc3 Qf6 14. Qxf6
Rxf6 15. Rae1 Ba6 16. b3 Kf7 17. e5 Re6 18. exd6 cxd6 19. Rxe6 Kxe6 20. Re1+
Kf6 21. f4 Rd8 22. Rd1 Ke6 23. Re1+ Kd7 24. Kf2 Re8 25. Rxe8 Kxe8 26. Ke3 Ke7
27. h4 Bb7 28. g3 Ke6 29. b4 d5 30. c5 Kf6 31. Ne2 Ke6 32. Nd4+ Kd7 33. a3
1/2-1/2

[Event "6. Lovsprings EMT Basis 2 1994"]
[Site "Ringsted"]
[Date "1994.04.03"]]
[Round "2"]
[White "Hede, Kim Nygaard"]
[Black "Eddy, Samuel"]
[Result "1-0"]
[WhiteElo "1680"]
[BlackElo "1589"]
[PlyCount "83"]
[EventDate "1994.??.??"]

1. d4 c6 2. c4 e6 3. Nc3 d5 4. Nf3 f5 5. Bf4 Nf6 6. e3 Be7 7. Ne5 O-O 8. c5
Nbd7 9. Nd3 b6 10. b4 Ba6 11. b5 cxb5 12. c6 Qc7 13. Rc1 Qxc6 14. Ne4 Qb7 15.
Nxf6+ Nxf6 16. Rc7 Qb8 17. Rxe7 Qd8 18. Rc7 g5 19. Be5 Nd7 20. Qh5 Rf7 21. Rc1
Qe7 22. Qd1 b4 23. Be2 Bc4 24. Qa4 a5 25. O-O Nxe5 26. dxe5 Qc7 27. Qc2 Rc8 28.
Qd2 Qb7 29. Nb2 Bxa2 30. Rxc8+ Qxc8 31. Rc1 Rc7 32. Rxc7 Qxc7 33. e4 f4 34. g3
Qxe5 35. Nd3 Qa1+ 36. Kg2 b3 37. gxf4 dxe4 38. Nb2 a4 39. Qd8+ Kg7 40. Qxg5+
Kf7 41. Bh5+ Kf8 42. Qf6+ 1-0

[Event "6. Lovsprings EMT Basis 2 1994"]
[Site "Ringsted"]
[Date "1994.04.03"]]
[Round "2"]
[White "Jensen, Dan Bronnum"]
[Black "Kjaer, Thomas"]
[Result "0-1"]
[WhiteElo "1561"]
[BlackElo "1558"]
[PlyCount "78"]
[EventDate "1994.??.??"]

1. e4 e5 2. Nf3 Nc6 3. d4 exd4 4. Bc4 d6 5. c3 Ne5 6. Nxe5 dxe5 7. Qb3 Qd7 8.
O-O a6 9. cxd4 b5 10. Be2 exd4 11. Qg3 c5 12. Rd1 Qd6 13. e5 Qg6 14. Qf3 Ra7
15. Bd3 Bb7 16. Bxg6 Bxf3 17. Bxf7+ Rxf7 18. gxf3 Rxf3 19. Kg2 Rf5 20. Re1 Ne7
21. Nd2 Nd5 22. Nf3 Be7 23. Rf1 O-O 24. Ne1 Rxe5 25. Bd2 Ref5 26. Rc1 Bh4 27.
f3 Bg5 28. Bxg5 Rxg5+ 29. Kh3 Rf6 30. Kh4 Rff5 31. f4 Rh5+ 32. Kg3 Ne3 33. Rf3
Rf6 34. Rf2 Rfh6 35. Kf3 Rh3+ 36. Ke2 c4 37. Nf3 Nf5 38. Ng5 Rxh2 39. Rcf1 Ng3+
0-1

[Event "6. Lovsprings EMT Basis 2 1994"]
[Site "Ringsted"]
[Date "1994.04.03"]]
[Round "2"]
[White "Mortensen, Orla Lind"]
[Black "Nielsen, Poul Erik2"]
[Result "1-0"]
[WhiteElo "1600"]
[BlackElo "1601"]
[PlyCount "53"]
[EventDate "1994.??.??"]

1. e4 c5 2. Nf3 d6 3. d4 cxd4 4. Nxd4 a6 5. Be2 Nc6 6. O-O g6 7. Be3 Bg7 8. Nc3
Nf6 9. Kh1 O-O 10. f4 Bd7 11. Bf3 e6 12. Nce2 Re8 13. Qd2 Qc7 14. Ng3 Rad8 15.
c3 Ne7 16. Qf2 Rc8 17. Be2 e5 18. Nb3 Ng4 19. Bxg4 Bxg4 20. fxe5 Be6 21. exd6
Qxd6 22. Rad1 Qc6 23. Nd4 Bxd4 24. cxd4 Bxa2 25. d5 Nxd5 26. Qxf7+ Kh8 27. Bd4+
1-0

[Event "6. Lovsprings EMT Basis 2 1994"]
[Site "Ringsted"]
[Date "1994.04.03"]]
[Round "2"]
[White "Pedersen, Allan"]
[Black "Mortensen, Martin Lind"]
[Result "1/2-1/2"]
[WhiteElo "1718"]
[BlackElo "1606"]
[PlyCount "62"]
[EventDate "1994.??.??"]

1. e4 Nf6 2. Nc3 d5 3. exd5 Nxd5 4. Bc4 Nxc3 5. Qf3 e6 6. Qxc3 Bd7 7. Nf3 Nc6
8. a3 Qf6 9. Qxf6 gxf6 10. d4 Rg8 11. g3 O-O-O 12. Be3 Na5 13. Be2 b6 14. Nd2
Bc6 15. Rg1 Bb7 16. Bd3 f5 17. O-O-O Bg7 18. b4 Nc6 19. c3 Ne7 20. Nc4 Nd5 21.
Kc2 Bc6 22. Kb2 Kb8 23. Bc1 Nxc3 24. Kxc3 Bxd4+ 25. Kb3 Bxf2 26. Rgf1 Bxg3 27.
hxg3 Rxg3 28. Ne5 Bb5 29. Kc3 f6 30. Nc4 e5 31. Rg1 Rh3 1/2-1/2

[Event "6. Lovsprings EMT Basis 2 1994"]
[Site "Ringsted"]
[Date "1994.04.03"]]
[Round "2"]
[White "Pondal, Jesper"]
[Black "Stuhr, Finn"]
[Result "0-1"]
[WhiteElo "1563"]
[BlackElo "1554"]
[PlyCount "104"]
[EventDate "1994.??.??"]

1. d4 Nf6 2. Bg5 e6 3. e4 d6 4. Nc3 Be7 5. Nf3 Nbd7 6. e5 dxe5 7. dxe5 Ng4 8.
Bf4 f6 9. exf6 Bxf6 10. Qd2 e5 11. Bg3 Qe7 12. Ne4 b6 13. h3 Nh6 14. Nxf6+ Qxf6
15. Qd5 c6 16. Qe4 Nf7 17. Bc4 Nc5 18. Bxf7+ Kxf7 19. Nxe5+ Kf8 20. Qf4 Bf5 21.
O-O-O g5 22. Qd4 Re8 23. Ng6+ Qxg6 24. Qxh8+ Kf7 25. Qd4 Ne6 26. Qd7+ Kg8 27.
Rd2 Nc5 28. Qxa7 Bxc2 29. Rxc2 Nd3+ 30. Kd2 Nb4 31. Rc3 Rd8+ 32. Kc1 Nd3+ 33.
Rxd3 Qxd3 34. Qa4 Rd4 35. Qb3+ Rc4+ 36. Qxc4+ Qxc4+ 37. Kb1 Qe4+ 38. Ka1 Qxg2
39. Rc1 Qxh3 40. a3 Qe6 41. Rd1 h5 42. Rd6 Qe1+ 43. Ka2 Qe4 44. Rd2 h4 45. Bc7
c5 46. Rd8+ Kf7 47. Rd7+ Ke6 48. Rd6+ Kf5 49. Rxb6 Qc4+ 50. Rb3 Ke4 51. Bd8 Qf7
52. f3+ Kf5 0-1

[Event "6. Lovsprings EMT Basis 2 1994"]
[Site "Ringsted"]
[Date "1994.04.03"]]
[Round "2"]
[White "Sorensen, Lindved"]
[Black "Kronow, Jacob"]
[Result "1-0"]
[WhiteElo "1683"]
[BlackElo "1567"]
[PlyCount "90"]
[EventDate "1994.??.??"]

1. Nf3 g6 2. e4 Bg7 3. Bc4 d6 4. O-O Nf6 5. Nc3 O-O 6. d4 Nbd7 7. e5 Ne8 8. e6
fxe6 9. Bxe6+ Kh8 10. Ng5 Nef6 11. Nf7+ Rxf7 12. Bxf7 Qf8 13. Be6 c5 14. Be3 b6
15. Qf3 Ba6 16. Rfe1 cxd4 17. Bxd4 Nc5 18. Bxc5 dxc5 19. Bb3 Rb8 20. Rad1 c4
21. Ba4 b5 22. Qc6 Bb7 23. Qxb5 Bf3 24. Qxc4 Bxd1 25. Nxd1 Qd8 26. Bb3 Rb7 27.
c3 Rd7 28. Ne3 Bh6 29. h3 Rd2 30. Qc5 Bf4 31. Nc4 Rd5 32. Qxe7 Qxe7 33. Rxe7
Rd7 34. Re6 Kg7 35. g3 Bc7 36. Ne5 Bxe5 37. Rxe5 Rd2 38. Re7+ Kh6 39. Rxa7 Ne4
40. Bg8 Rxb2 41. Rxh7+ Kg5 42. f4+ Kf5 43. Rf7+ Nf6 44. g4+ Kxf4 45. Rxf6+ Kg3
1-0

[Event "6. Lovsprings EMT Basis 2 1994"]
[Site "Ringsted"]
[Date "1994.04.03"]]
[Round "2"]
[White "Wesche, Thomas"]
[Black "Eckert, Svend"]
[Result "0-1"]
[WhiteElo "1600"]
[BlackElo "1665"]
[PlyCount "68"]
[EventDate "1994.??.??"]

1. e4 c5 2. c3 Nf6 3. e5 Nd5 4. d4 e6 5. Nf3 Nc6 6. Bc4 Nb6 7. Bb3 c4 8. Bc2
Nd5 9. O-O b5 10. Nbd2 a5 11. a4 Ba6 12. axb5 Bxb5 13. Ba4 Bxa4 14. Qxa4 Nb6
15. Qa2 Rc8 16. Ne4 d5 17. exd6 Bxd6 18. Nc5 O-O 19. Nb7 Qc7 20. Nxd6 Qxd6 21.
Re1 f6 22. b3 cxb3 23. Qxb3 Nd5 24. Ba3 Ncb4 25. cxb4 Rc3 26. bxa5 Qa6 27. Qa4
Rc4 28. Rxe6 Qxe6 29. Qxc4 Rc8 30. Bc5 Qc6 31. h3 g5 32. Ne1 Kh8 33. Nd3 Nf4
34. Re1 Qxg2# 0-1

[Event "6. Lovsprings EMT Basis 2 1994"]
[Site "Ringsted"]
[Date "1994.04.10"]]
[Round "3"]
[White "Eddy, Samuel"]
[Black "Pondal, Jesper"]
[Result "0-1"]
[WhiteElo "1589"]
[BlackElo "1563"]
[PlyCount "124"]
[EventDate "1994.??.??"]

1. e4 c5 2. c3 d5 3. exd5 Qxd5 4. Nf3 Nc6 5. d4 cxd4 6. Nxd4 Nxd4 7. cxd4 Nf6
8. Nc3 Qd8 9. Bf4 a6 10. Be2 e6 11. O-O Be7 12. Bf3 O-O 13. Re1 Bd6 14. Be5
Bxe5 15. dxe5 Nd7 16. Qc2 Qg5 17. Qe4 Rb8 18. Qg4 Qxg4 19. Bxg4 b5 20. f4 Bb7
21. b4 Nb6 22. Ne4 Nc4 23. Nc5 Rfd8 24. Be2 Rd4 25. Red1 Rxd1+ 26. Rxd1 Ne3 27.
Rd7 Bd5 28. Nxa6 Rc8 29. Rc7 Rxc7 30. Nxc7 Bxa2 31. Bxb5 Bd5 32. Bd3 Bxg2 33.
Kf2 Nd5 34. Kxg2 Nxf4+ 35. Kf3 Nxd3 36. b5 Nxe5+ 37. Ke4 Nd7 38. Na6 Kf8 39.
Nb4 Ke7 40. Nc2 Kd6 41. Kd4 f5 42. Ne3 e5+ 43. Kd3 Kc5 44. Nxf5 g6 45. Ne3 Kxb5
46. Ke4 Kc5 47. Ng4 Kd6 48. h4 Ke6 49. Kf3 Nf6 50. Ne3 h6 51. Ng2 g5 52. Ne3
e4+ 53. Kg3 Ke5 54. Ng2 Kd4 55. Kf2 Nd5 56. Kg1 e3 57. Ne1 g4 58. Kg2 h5 59.
Kf1 Nf4 60. Nc2+ Kd3 61. Na1 e2+ 62. Kf2 g3+ 0-1

[Event "6. Lovsprings EMT Basis 2 1994"]
[Site "Ringsted"]
[Date "1994.04.10"]]
[Round "3"]
[White "Kjaer, Thomas"]
[Black "Sorensen, Lindved"]
[Result "1/2-1/2"]
[WhiteElo "1558"]
[BlackElo "1683"]
[PlyCount "59"]
[EventDate "1994.??.??"]

1. e4 d5 2. exd5 Nf6 3. Bb5+ Bd7 4. Qe2 Nxd5 5. d4 a6 6. Bd3 e6 7. Nf3 Bd6 8.
Be4 Bb4+ 9. c3 Bb5 10. Bd3 Bxd3 11. Qxd3 Bd6 12. O-O O-O 13. Ng5 Nf6 14. Be3 c5
15. Nd2 cxd4 16. cxd4 Nc6 17. Ndf3 Nb4 18. Qe2 Rc8 19. a3 Nbd5 20. Ne5 h6 21.
Nh3 Rc7 22. Nf4 Qb8 23. Nxd5 Nxd5 24. f4 Rfc8 25. Rac1 Nxe3 26. Qxe3 Rc2 27.
Nd3 b5 28. Rxc2 Rxc2 29. Rf2 Qc7 30. Kf1 1/2-1/2

[Event "6. Lovsprings EMT Basis 2 1994"]
[Site "Ringsted"]
[Date "1994.04.10"]]
[Round "3"]
[White "Kronow, Jacob"]
[Black "Jensen, Dan Bronnum"]
[Result "1-0"]
[WhiteElo "1567"]
[BlackElo "1561"]
[PlyCount "131"]
[EventDate "1994.??.??"]

1. d4 d5 2. c4 e6 3. Nf3 Nf6 4. Bg5 Nbd7 5. Nc3 c6 6. cxd5 exd5 7. e3 Be7 8.
Bd3 Nf8 9. Qc2 h6 10. Bh4 Bg4 11. Ne5 Be6 12. O-O N6d7 13. Bg3 Nf6 14. Rac1
N8d7 15. e4 O-O 16. Nxd7 Nxd7 17. exd5 Bxd5 18. Nxd5 cxd5 19. Bc7 Qe8 20. Rfe1
Rc8 21. Qd1 Nf6 22. Bf5 Ra8 23. Re5 g6 24. Bh3 Ne4 25. f3 Ng5 26. Qe1 Qa4 27.
Rxe7 Qxd4+ 28. Qf2 Qf6 29. Re5 Qf4 30. Rc5 Qa4 31. b3 Qa3 32. Bd7 b6 33. Rc2
Qa5 34. Bc6 Rac8 35. Rxd5 Qa6 36. Bd7 Ra8 37. Rc4 b5 38. Bxb5 Qf6 39. Re5 Qg7
40. f4 Ne6 41. f5 Nxc7 42. f6 Qh7 43. Rxc7 g5 44. h4 Rad8 45. Bd7 Qb1+ 46. Kh2
Qd1 47. Re7 Qd6+ 48. Qg3 Qxf6 49. hxg5 hxg5 50. Re5 Qh6+ 51. Qh3 Qd6 52. Qg3
Qh6+ 53. Kg1 Qb6+ 54. Kh2 Qh6+ 55. Bh3 f5 56. Ree7 g4 57. Qe5 Rf6 58. Rg7+ Qxg7
59. Rxg7+ Kxg7 60. Qe7+ Kg6 61. Qxd8 gxh3 62. Kxh3 Kg5 63. Kg3 Kg6 64. Kf4 Kg7
65. Qe7+ Rf7 66. Qxf7+ 1-0

[Event "6. Lovsprings EMT Basis 2 1994"]
[Site "Ringsted"]
[Date "1994.04.10"]]
[Round "3"]
[White "Mondrup, Niels Erik"]
[Black "Pedersen, Allan"]
[Result "1/2-1/2"]
[WhiteElo "1729"]
[BlackElo "1718"]
[PlyCount "66"]
[EventDate "1994.??.??"]

1. e4 d6 2. d4 Nf6 3. Nc3 g6 4. Be2 Bg7 5. h4 h5 6. Nh3 c6 7. Bg5 Qc7 8. Qd2 b5
9. a3 Bd7 10. Nf4 a6 11. Nd3 Be6 12. b3 Bc8 13. a4 Bb7 14. axb5 axb5 15. O-O
Rxa1 16. Rxa1 Nbd7 17. Bf3 O-O 18. Bh6 e5 19. Bxg7 Kxg7 20. Ne2 exd4 21. Nxd4
Ne5 22. Qg5 Bc8 23. Nxe5 dxe5 24. Nf5+ Bxf5 25. exf5 e4 26. Be2 Nh7 27. Qe3 Qe5
28. Ra6 Rc8 29. fxg6 fxg6 30. Ra7+ Kg8 31. Qh6 Nf8 32. Qe3 Rd8 33. f3 Qd4
1/2-1/2

[Event "6. Lovsprings EMT Basis 2 1994"]
[Site "Ringsted"]
[Date "1994.04.10"]]
[Round "3"]
[White "Mortensen, Martin Lind"]
[Black "Eckert, Svend"]
[Result "0-1"]
[WhiteElo "1606"]
[BlackElo "1665"]
[PlyCount "66"]
[EventDate "1994.??.??"]

1. d4 Nf6 2. c4 g6 3. Nc3 Bg7 4. e4 d6 5. f3 O-O 6. Be3 Nbd7 7. Nge2 e5 8. Qd2
Nb6 9. Ng3 exd4 10. Bxd4 Be6 11. b3 a5 12. Bxb6 cxb6 13. Rd1 Nd7 14. Nb5 a4 15.
Nxd6 axb3 16. axb3 Ra3 17. Qb4 Qa8 18. Be2 Nc5 19. Qxb6 Bc3+ 20. Kf1 Nxb3 21.
Nb5 Ba5 22. Qd6 Ra2 23. Nd4 Rd8 24. Qe5 Bc3 25. Ngf5 Bxf5 26. exf5 Nxd4 27. Bd3
Qa4 28. Rb1 Rd2 29. fxg6 hxg6 30. Qf6 Ne6 31. Qxc3 R8xd3 32. Qe5 Qxc4 33. Ke1
Qc2 0-1

[Event "6. Lovsprings EMT Basis 2 1994"]
[Site "Ringsted"]
[Date "1994.04.10"]]
[Round "3"]
[White "Nielsen, Poul Erik2"]
[Black "Petersen, Jesper"]
[Result "1/2-1/2"]
[WhiteElo "1601"]
[BlackElo "1598"]
[PlyCount "86"]
[EventDate "1994.??.??"]

1. c4 e5 2. e4 Nf6 3. Nc3 Bc5 4. Nf3 Nc6 5. a3 Ng4 6. d4 exd4 7. Na4 Qe7 8. Bd3
a5 9. O-O d6 10. Bd2 Nge5 11. Nxc5 dxc5 12. Nxe5 Nxe5 13. Bf4 O-O 14. Bxe5 Qxe5
15. f4 Qe7 16. f5 Ra6 17. Rf3 Rh6 18. Rg3 Qh4 19. Rh3 Qg5 20. Rxh6 Qxh6 21. Qf3
Rd8 22. Rf1 Rd6 23. e5 Rb6 24. Qd5 Qg5 25. f6 gxf6 26. Qd8+ Kg7 27. exf6+ Rxf6
28. Rxf6 Qxf6 29. Qxc8 Qf4 30. Qf5 Qc1+ 31. Bf1 b6 32. h4 Qxb2 33. Qe5+ Kf8 34.
Qh5 Ke7 35. Qxh7 Qxa3 36. Qe4+ Kf8 37. Bd3 Qc1+ 38. Kh2 a4 39. Qa8+ Kg7 40. Qe4
Kf8 41. h5 a3 42. Qh7 a2 43. Qh8+ Ke7 1/2-1/2

[Event "6. Lovsprings EMT Basis 2 1994"]
[Site "Ringsted"]
[Date "1994.04.10"]]
[Round "3"]
[White "Paustian, Dennis"]
[Black "Mortensen, Orla Lind"]
[Result "1/2-1/2"]
[WhiteElo "1591"]
[BlackElo "1600"]
[PlyCount "67"]
[EventDate "1994.??.??"]

1. e4 c6 2. d4 d5 3. exd5 cxd5 4. Bd3 Nc6 5. c3 Nf6 6. Bg5 e6 7. Nf3 Be7 8. O-O
O-O 9. Bc2 Bd7 10. Re1 Rc8 11. Ne5 Ne8 12. Qd3 f5 13. Bxe7 Qxe7 14. Nd2 Nf6 15.
Re2 Ne4 16. Ndf3 a6 17. Rae1 Nxe5 18. Nxe5 Bb5 19. Qh3 Bxe2 20. Rxe2 Rf6 21. g4
Rh6 22. Qe3 Rf8 23. f3 Ng5 24. Qd3 f4 25. c4 Qc7 26. cxd5 exd5 27. Bb3 Qc1+ 28.
Kg2 Rd8 29. Rc2 Qe1 30. Bxd5+ Kh8 31. Bxb7 Rxh2+ 32. Kxh2 Qg3+ 33. Kh1 Qe1+ 34.
Kg2 1/2-1/2

[Event "6. Lovsprings EMT Basis 2 1994"]
[Site "Ringsted"]
[Date "1994.04.10"]]
[Round "3"]
[White "Sorensen, Rasmus Moller"]
[Black "Wesche, Thomas"]
[Result "1-0"]
[WhiteElo "1579"]
[BlackElo "1600"]
[PlyCount "91"]
[EventDate "1994.??.??"]

1. e4 e5 2. Nf3 Nf6 3. Bc4 Nc6 4. Nc3 Be7 5. d4 d6 6. d5 Na5 7. Qd3 Nxc4 8.
Qxc4 a6 9. h3 O-O 10. Be3 Bd7 11. Rd1 c5 12. dxc6 Bxc6 13. Nxe5 Rc8 14. Nxc6
Rxc6 15. Qb3 Qc8 16. O-O Re8 17. Rfe1 b5 18. Bd4 Nd7 19. Nd5 Nc5 20. Nxe7+ Rxe7
21. Bxc5 dxc5 22. Qd5 Qe6 23. Qxe6 Rcxe6 24. Rd8+ Re8 25. Rxe8+ Rxe8 26. f3 Rd8
27. Kf2 Kf8 28. Ke2 Ke7 29. Rd1 Rc8 30. Ke3 Ke6 31. Kf4 f6 32. g4 c4 33. g5 h6
34. g6 Rc5 35. h4 f5 36. Rd5 Rxd5 37. exd5+ Kxd5 38. Kxf5 a5 39. c3 b4 40. h5
b3 41. a4 Kd6 42. Ke4 Ke6 43. Kd4 Kf5 44. Kxc4 Kg5 45. Kd5 Kxh5 46. c4 1-0

[Event "6. Lovsprings EMT Basis 2 1994"]
[Site "Ringsted"]
[Date "1994.04.24"]]
[Round "4"]
[White "Eddy, Samuel"]
[Black "Nielsen, Poul Erik2"]
[Result "1-0"]
[WhiteElo "1589"]
[BlackElo "1601"]
[PlyCount "69"]
[EventDate "1994.??.??"]

1. e4 c5 2. c3 a6 3. Bc4 e6 4. e5 b5 5. Be2 d6 6. Bf3 d5 7. d4 Nc6 8. g3 cxd4
9. cxd4 Bb4+ 10. Nc3 Ba5 11. Nge2 Rb8 12. O-O Nge7 13. Bg5 h6 14. Bxe7 Qxe7 15.
Rc1 Bb7 16. Bg2 Bb6 17. a3 O-O 18. Kh1 f6 19. Nxd5 Qd8 20. Nxf6+ Rxf6 21. exf6
Qxf6 22. Rxc6 Bxc6 23. Bxc6 e5 24. d5 Qf3+ 25. Kg1 Rf8 26. Qe1 e4 27. d6 Kh8
28. Nc3 Qf6 29. Bxe4 Qxd6 30. Qd1 Qf6 31. Qd2 Rd8 32. Qe2 Qe5 33. Qg4 Rd4 34.
Qg6 Rxe4 35. Qxe4 1-0

[Event "6. Lovsprings EMT Basis 2 1994"]
[Site "Ringsted"]
[Date "1994.04.24"]]
[Round "4"]
[White "Hede, Kim Nygaard"]
[Black "Mortensen, Martin Lind"]
[Result "0-1"]
[WhiteElo "1680"]
[BlackElo "1606"]
[PlyCount "58"]
[EventDate "1994.??.??"]

1. d4 Nf6 2. c4 e5 3. dxe5 Ng4 4. Nf3 Nc6 5. Nc3 Ngxe5 6. Nxe5 Nxe5 7. e4 Bc5
8. Qh5 d6 9. Bg5 Qd7 10. Be2 O-O 11. Nd5 Re8 12. Nf6+ gxf6 13. Bxf6 Bxf2+ 14.
Kxf2 Ng4+ 15. Bxg4 Qxg4 16. Qxg4+ Bxg4 17. Rae1 Re6 18. Kg3 Rxf6 19. Kxg4 Rf2
20. Rb1 Rxg2+ 21. Kf3 Rc2 22. Rhg1+ Kh8 23. Rg2 Rxc4 24. b3 Rc3+ 25. Kf4 Re8
26. Rbg1 Rh3 27. Kf5 Re3 28. Rg5 Re5+ 29. Kf6 Rf3+ 0-1

[Event "6. Lovsprings EMT Basis 2 1994"]
[Site "Ringsted"]
[Date "1994.04.24"]]
[Round "4"]
[White "Jensen, Dan Bronnum"]
[Black "Paustian, Dennis"]
[Result "1-0"]
[WhiteElo "1561"]
[BlackElo "1591"]
[PlyCount "127"]
[EventDate "1994.??.??"]

1. c4 c5 2. Nc3 e6 3. Nf3 d5 4. cxd5 exd5 5. d4 cxd4 6. Nxd4 Nf6 7. g3 Nc6 8.
Bg2 Bb4 9. Qd3 O-O 10. O-O Nxd4 11. Qxd4 Bxc3 12. Qxc3 Be6 13. Qd4 h6 14. b3 a6
15. Bb2 Qd7 16. Rfd1 Rfd8 17. Qh4 Qe7 18. Bxf6 Qxf6 19. Qxf6 gxf6 20. Rd4 Rd7
21. Rad1 Rad8 22. h3 f5 23. f3 Kg7 24. g4 fxg4 25. hxg4 f5 26. gxf5 Bxf5 27.
Kf2 Be6 28. Rg1 Kf6 29. Rf4+ Ke5 30. Rh4 Rh8 31. Rh5+ Kf6 32. Rgh1 Kg7 33. f4
Bf7 34. R5h4 Rd6 35. Rd1 Rhd8 36. Rd4 b6 37. Rh1 Kf8 38. Rc1 Ke7 39. Bh3 Kf6
40. Rc7 Be6 41. Bg2 a5 42. Rc1 R8d7 43. Rcd1 Ke7 44. Rh1 Bf7 45. Rh4 Rd8 46.
Rg4 Rg8 47. Rxg8 Bxg8 48. e3 Bf7 49. a3 Be8 50. b4 axb4 51. axb4 Bf7 52. Rd2
Ke6 53. Kg3 Ke7 54. f5 Kd7 55. Kf4 Ke7 56. Ke5 h5 57. e4 h4 58. exd5 Rh6 59.
Bh3 Rh5 60. d6+ Kd7 61. Rc2 Kd8 62. Rc7 Be8 63. Ra7 Rg5 64. Ke6 1-0